Statistics for Chinese cities ending with "zhou" 中國「州」市

Click here to take the quiz!

General Stats

  • This quiz has been taken 1,100 times
    (625 since last reset)
  • The average score is 11 of 19

Answers on the Map

Answers color-coded by a green-red scale on the quiz's map according to % correct below.
 

Answer Stats

ProvincePop. (M)City% Correct
Guangdong20.9Guangzhou 广州
98%
Fujian4.0Fuzhou 福州
87%
Zhejiang6.4Hangzhou 杭州
87%
Jiangsu5.0Suzhou 苏州
80%
Henan6.8Zhengzhou 郑州
79%
Gansu2.4Lanzhou 兰州
72%
Zhejiang3.6Wenzhou 温州
68%
Fujian6.3Quanzhou 泉州
59%
Zhejiang1.4Taizhou 台州
56%
Jiangsu1.7Xuzhou 徐州
56%
Jiangsu3.6Changzhou 常州
55%
Jiangxi1.3Ganzhou 赣州
55%
Jiangsu1.2Yangzhou 扬州
55%
Guangdong1.6Huizhou 惠州
47%
Guangxi1.4Liuzhou 柳州
46%
Fujian1.3Zhangzhou 漳州
44%
Hunan1.1Zhuzhou 株洲
43%
Guangdong1.4Chaozhou 潮州
38%
Shandong1.0Tengzhou 滕州
7%

Score Distribution

Percentile by Number Answered

Percent of People with Each Score

Your Score History

You have not taken this quiz since the last reset